[Event "Bodensee-Cup 10th"]
[Site "Wasserburg"]
[Date "2004.05.07"]
[Round "1.1"]
[White "Schmittdiel, Eckhard"]
[Black "Gschnitzer, Oswald"]
[Result "1-0"]
[WhiteElo "2483"]
[BlackElo "2428"]
[PlyCount "83"]
[EventDate "2004.05.??"]
[SourceDate "2004.05.08"]
[WhiteTeam "Württemberg"]
[BlackTeam "Baden"]
[WhiteTeamCountry "GER"]
[BlackTeamCountry "GER"]

1. e4 c5 2. Nf3 d6 3. c3 Nf6 4. Bb5+ Bd7 5. Bxd7+ Nbxd7 6. Qe2 e6 7. O-O Be7 8.
d4 O-O 9. e5 Nd5 10. c4 Nb4 11. exd6 Bxd6 12. Rd1 cxd4 13. Nxd4 Qe7 14. Nc3
Rfd8 15. Ne4 Be5 16. Bg5 f6 17. Be3 Rac8 18. f4 Bb8 19. Rd2 Nf8 20. a3 Nc6 21.
Nxc6 Rxc6 22. Rxd8 Qxd8 23. Rd1 Qc7 24. c5 f5 25. Nf2 e5 26. Nd3 e4 27. Ne5
Rxc5 28. Bxc5 Qxc5+ 29. Qf2 e3 30. Qe2 Bxe5 31. b4 Qe7 32. Qa2+ Qf7 33. Qxf7+
Kxf7 34. fxe5 Ke6 35. Rd8 Nd7 36. Re8+ Kf7 37. Ra8 a6 38. Ra7 Nxe5 39. Rxb7+
Ke6 40. Rxg7 Kd5 41. Rxh7 Ke4 42. Re7 1-0

[Event "Bodensee-Cup 10th"]
[Site "Wasserburg"]
[Date "2004.05.07"]
[Round "1.4"]
[White "Wippermann, Till"]
[Black "Schnepp, Gunnar"]
[Result "1-0"]
[WhiteElo "2377"]
[BlackElo "2343"]
[PlyCount "87"]
[EventDate "2004.05.??"]
[SourceDate "2004.05.08"]
[WhiteTeam "Baden"]
[BlackTeam "Württemberg"]
[WhiteTeamCountry "GER"]
[BlackTeamCountry "GER"]

1. e4 c5 2. Nc3 e6 3. f4 Nc6 4. Nf3 d6 5. Bb5 Bd7 6. O-O a6 7. Bxc6 Bxc6 8. d3
Nf6 9. Qe1 Be7 10. e5 Nd5 11. Ne4 O-O 12. exd6 Bxd6 13. Ne5 Nb4 14. Nxc6 Nxc6
15. Qf2 b6 16. Be3 Bc7 17. a3 Rb8 18. Rae1 Qd7 19. Bc1 f5 20. Ng5 e5 21. fxe5
Nxe5 22. Qh4 h6 23. Nf3 Nxf3+ 24. Rxf3 Qd5 25. Qe7 Rf7 26. Qe6 Qxe6 27. Rxe6
Kf8 28. Bf4 Bxf4 29. Rxf4 Rbb7 30. b4 g5 31. Rc4 cxb4 32. axb4 Kg7 33. Rcc6
Rbc7 34. Rxh6 Rxc6 35. Rxc6 Rb7 36. Kf2 a5 37. bxa5 bxa5 38. Rc5 Ra7 39. Rxf5
Kg6 40. Rb5 a4 41. Rb2 Kf5 42. Ke3 Re7+ 43. Kd2 g4 44. Rb5+ 1-0

[Event "Bodensee-Cup 10th"]
[Site "Wasserburg"]
[Date "2004.05.07"]
[Round "1.5"]
[White "Hoensch, Matthias"]
[Black "Rau, Hannes"]
[Result "1/2-1/2"]
[WhiteElo "2291"]
[BlackElo "2377"]
[PlyCount "33"]
[EventDate "2004.05.??"]
[SourceDate "2004.05.08"]
[WhiteTeam "Württemberg"]
[BlackTeam "Baden"]
[WhiteTeamCountry "GER"]
[BlackTeamCountry "GER"]

1. Nf3 c5 2. c4 e6 3. Nc3 b6 4. g3 Bb7 5. Bg2 Nf6 6. O-O Be7 7. d4 cxd4 8. Qxd4
O-O 9. Rd1 Nc6 10. Qf4 a6 11. b3 Rb8 12. Bb2 d6 13. Ba3 d5 14. Bxe7 Nxe7 15. e4
Qc8 16. exd5 exd5 17. Ne5 1/2-1/2

[Event "Bodensee-Cup 10th"]
[Site "Wasserburg"]
[Date "2004.05.07"]
[Round "1.6"]
[White "Raupp, Thomas"]
[Black "Lorscheid, Gerhard"]
[Result "1/2-1/2"]
[WhiteElo "2354"]
[BlackElo "2272"]
[PlyCount "64"]
[EventDate "2004.05.??"]
[SourceDate "2004.05.08"]
[WhiteTeam "Baden"]
[BlackTeam "Württemberg"]
[WhiteTeamCountry "GER"]
[BlackTeamCountry "GER"]

1. d4 d6 2. c4 g6 3. Nc3 Bg7 4. Nf3 Nf6 5. e4 O-O 6. Be2 c5 7. O-O cxd4 8. Nxd4
Nc6 9. Be3 Bd7 10. Qd2 Nxd4 11. Bxd4 Bc6 12. f3 Nd7 13. Be3 a5 14. b3 Nc5 15.
Rab1 Qb6 16. Rfc1 Rfc8 17. Rc2 Qb4 18. Qc1 Qb6 19. a3 Qd8 20. Bf1 h5 21. b4
axb4 22. axb4 Na4 23. Ne2 Kh7 24. Nd4 Qh8 25. Qd2 Be8 26. Qf2 Bf6 27. h3 Rab8
28. g4 Kg8 29. g5 Bg7 30. Rbc1 Kh7 31. c5 dxc5 32. bxc5 b6 1/2-1/2

[Event "Bodensee-Cup 10th"]
[Site "Wasserburg"]
[Date "2004.05.07"]
[Round "1.7"]
[White "Mueller, Ralf"]
[Black "Boguslavskyy, Oleg"]
[Result "0-1"]
[WhiteElo "2326"]
[BlackElo "2325"]
[PlyCount "78"]
[EventDate "2004.05.??"]
[SourceDate "2004.05.08"]
[WhiteTeam "Württemberg"]
[BlackTeam "Baden"]
[WhiteTeamCountry "GER"]
[BlackTeamCountry "GER"]

1. c4 Nf6 2. g3 e6 3. Bg2 d5 4. Nf3 dxc4 5. O-O Be7 6. Na3 O-O 7. Nxc4 Nc6 8.
b3 Nd5 9. Bb2 b6 10. e4 Nf6 11. Qe2 Bb7 12. d4 a5 13. Rfd1 a4 14. Nfe5 Na5 15.
Nxa5 Rxa5 16. Bc3 Ra7 17. b4 Qa8 18. f3 Rd8 19. Rac1 a3 20. b5 Nd7 21. Nc6 Bxc6
22. bxc6 Qxc6 23. Bb4 Qxc1 24. Rxc1 Bxb4 25. d5 Bc5+ 26. Kh1 exd5 27. exd5 Nf6
28. f4 Ra4 29. Bf3 Rb4 30. Rc2 Re8 31. Qa6 Rb2 32. Re2 Rexe2 33. Bxe2 Rxa2 34.
d6 Bxd6 35. Qc8+ Bf8 36. Bc4 Rc2 37. Qxc7 Nd5 38. Qd7 Rxc4 39. Qxd5 a2 0-1

[Event "Bodensee-Cup 10th"]
[Site "Wasserburg"]
[Date "2004.05.07"]
[Round "1.8"]
[White "Vatter, Hans Joachim"]
[Black "Gheng, Josef"]
[Result "0-1"]
[WhiteElo "2299"]
[BlackElo "2334"]
[PlyCount "80"]
[EventDate "2004.05.??"]
[SourceDate "2004.05.08"]
[WhiteTeam "Baden"]
[BlackTeam "Württemberg"]
[WhiteTeamCountry "GER"]
[BlackTeamCountry "GER"]

1. e4 c5 2. Nf3 d6 3. Bb5+ Nc6 4. O-O Bd7 5. Re1 e6 6. c3 a6 7. Bf1 Nf6 8. d4
cxd4 9. cxd4 d5 10. e5 Ne4 11. Nc3 Nxc3 12. bxc3 Na5 13. a4 Rc8 14. Qc2 Be7 15.
Bd3 h6 16. Bd2 Nc4 17. Bc1 Qa5 18. Nd2 Nb6 19. Nb1 Nxa4 20. Bd2 b5 21. Qd1 Qb6
22. Qg4 g5 23. Ra2 Qb7 24. Qh5 Nb6 25. f4 Nc4 26. fxg5 Nxd2 27. Rxd2 b4 28.
gxh6 bxc3 29. Rf2 Qb4 30. Qxf7+ Kd8 31. Qg7 Re8 32. h7 c2 33. Rc1 cxb1=Q 34.
Rxb1 Qxd4 35. Bg6 Qe3 36. g3 Bc5 37. Rbf1 Qf3 38. Qh6 Rf8 39. h8=Q Bxf2+ 40.
Rxf2 Qxf2+ 0-1

[Event "Bodensee-Cup 10th"]
[Site "Wasserburg"]
[Date "2004.05.07"]
[Round "1.9"]
[White "Bauer, Peter"]
[Black "Schwalfenberg, Joerg"]
[Result "1/2-1/2"]
[WhiteElo "2259"]
[BlackElo "2363"]
[PlyCount "114"]
[EventDate "2004.05.??"]
[SourceDate "2004.05.08"]
[WhiteTeam "Württemberg"]
[BlackTeam "Baden"]
[WhiteTeamCountry "GER"]
[BlackTeamCountry "GER"]

1. e4 c6 2. d4 d5 3. Nd2 dxe4 4. Nxe4 Nf6 5. Nxf6+ gxf6 6. c3 Bf5 7. Nf3 e6 8.
g3 h5 9. Nh4 Be4 10. f3 Bh7 11. Bg2 Be7 12. f4 f5 13. Nf3 h4 14. Qb3 Qb6 15.
Be3 Bg6 16. Kf2 Nd7 17. Ne5 Bh5 18. Nxd7 Qxb3 19. axb3 Kxd7 20. c4 Bg4 21. Rhc1
Kc7 22. Ra4 a6 23. b4 Bf6 24. b3 hxg3+ 25. hxg3 Bh3 26. Bh1 Bg4 27. Kg1 Rad8
28. b5 Rh3 29. bxa6 Rxg3+ 30. Kf2 Rxe3 31. Kxe3 Bxd4+ 32. Kd2 Bb2+ 33. Kc2 Bxc1
34. a7 Bxf4 35. a8=Q Bd1+ 36. Kc3 Bd2+ 37. Kb2 Rxa8 38. Rxa8 f4 39. Rh8 Kd7 40.
Rb8 Kc7 41. Rh8 b6 42. Rh7 Be3 43. Rxf7+ Kd6 44. Kc3 b5 45. cxb5 cxb5 46. Be4
Be2 47. Bg2 e5 48. Rf6+ Ke7 49. Rf5 Bd4+ 50. Kd2 Bg4 51. Rg5 Be6 52. Rg7+ Kd6
53. Rb7 Bg4 54. Rg7 Bf5 55. Rb7 e4 56. Rxb5 Bd7 57. Rb4 Be3+ 1/2-1/2

[Event "Bodensee-Cup 10th"]
[Site "Wasserburg"]
[Date "2004.05.07"]
[Round "1.10"]
[White "Werner, Clemens"]
[Black "Stoll, Ferdinand"]
[Result "1/2-1/2"]
[WhiteElo "2319"]
[BlackElo "2262"]
[PlyCount "43"]
[EventDate "2004.05.??"]
[SourceDate "2004.05.08"]
[WhiteTeam "Baden"]
[BlackTeam "Württemberg"]
[WhiteTeamCountry "GER"]
[BlackTeamCountry "GER"]

1. e4 c5 2. c3 d5 3. exd5 Qxd5 4. d4 Nf6 5. Nf3 e6 6. Be2 cxd4 7. Nxd4 Be7 8.
O-O O-O 9. Bf3 Qa5 10. Re1 Rd8 11. Nd2 Qc7 12. Qe2 Bd7 13. Nb5 Bxb5 14. Qxb5
Nc6 15. Bxc6 bxc6 16. Qe2 Nd5 17. Nc4 Nf4 18. Bxf4 Qxf4 19. g3 Qc7 20. Rad1 Bf6
21. Ne3 Qa5 22. a3 1/2-1/2

[Event "Bodensee-Cup 10th"]
[Site "Wasserburg"]
[Date "2004.05.07"]
[Round "1.11"]
[White "Behm, Simon"]
[Black "Metz, Hartmut"]
[Result "1/2-1/2"]
[WhiteElo "2071"]
[BlackElo "2309"]
[PlyCount "104"]
[EventDate "2004.05.??"]
[SourceDate "2004.05.08"]
[WhiteTeam "Württemberg"]
[BlackTeam "Baden"]
[WhiteTeamCountry "GER"]
[BlackTeamCountry "GER"]

1. d4 c6 2. c4 d5 3. Nc3 Nf6 4. Nf3 dxc4 5. a4 Bf5 6. e3 e6 7. Bxc4 Nbd7 8. O-O
Bb4 9. Qb3 Qe7 10. Bd2 Nb6 11. e4 Nxc4 12. Qxc4 Bxc3 13. exf5 Bxd2 14. Nxd2 O-O
15. Rae1 Nd5 16. f4 Rae8 17. fxe6 fxe6 18. g3 Qc7 19. Ne4 Re7 20. Ng5 Qd6 21.
Re5 Rf5 22. Qd3 g6 23. Rfe1 Qb4 24. b3 Rxe5 25. Rxe5 Nc7 26. Qe3 Nd5 27. Qd3
Nc7 28. Kg2 Kg7 29. Qe3 Nd5 30. Qd3 Nc7 31. g4 h6 32. Nf3 Nd5 33. Kg3 Qd6 34.
Nh4 Nxf4 35. Kxf4 g5+ 36. Kg3 gxh4+ 37. Kxh4 Rf7 38. Qe4 Qe7+ 39. Kg3 Qf6 40.
Qe3 Re7 41. h4 Kf8 42. Re4 Ke8 43. Qf4 Qxf4+ 44. Kxf4 Kf7 45. g5 hxg5+ 46. Kxg5
Rd7 47. h5 Rd5+ 48. Kg4 Kf6 49. Rf4+ Kg7 50. Re4 Kf6 51. Rf4+ Kg7 52. Re4 Kf6
1/2-1/2

[Event "Bodensee-Cup 10th"]
[Site "Wasserburg"]
[Date "2004.05.07"]
[Round "1.12"]
[White "Schneider, Bernd2"]
[Black "Hirneise, Tobias"]
[Result "1/2-1/2"]
[WhiteElo "2260"]
[BlackElo "1960"]
[PlyCount "79"]
[EventDate "2004.05.??"]
[SourceDate "2004.05.08"]
[WhiteTeam "Baden"]
[BlackTeam "Württemberg"]
[WhiteTeamCountry "GER"]
[BlackTeamCountry "GER"]

1. e4 c5 2. Nf3 Nc6 3. Bb5 g6 4. O-O Bg7 5. Bxc6 dxc6 6. d3 Nf6 7. h3 O-O 8.
Be3 b6 9. Nbd2 Ne8 10. Qc1 Nd6 11. a4 a5 12. Rd1 e5 13. Ra3 f5 14. exf5 gxf5
15. Nc4 f4 16. Bd2 Nxc4 17. dxc4 Qf6 18. Re1 Qf5 19. Bc3 e4 20. Bxg7 Kxg7 21.
Nd2 Re8 22. Qd1 Ra7 23. Qg4+ Qxg4 24. hxg4 Rd7 25. Rxe4 Rxe4 26. Nxe4 Rd4 27.
f3 Bxg4 28. Rb3 Bf5 29. Rxb6 Bxe4 30. fxe4 Rxc4 31. Rxc6 Rxc2 32. b3 Rc3 33. e5
Kf7 34. Kf2 Ke7 35. Ra6 Rxb3 36. Rxa5 Ra3 37. Rxc5 Rxa4 38. Kf3 Ke6 39. Rc7
Kxe5 40. Rxh7 1/2-1/2

[Event "Bodensee-Cup 10th"]
[Site "Wasserburg"]
[Date "2004.05.07"]
[Round "1.1"]
[White "Jenni, Florian"]
[Black "Prusikhin, Mihailo"]
[Result "1/2-1/2"]
[WhiteElo "2510"]
[BlackElo "2518"]
[PlyCount "30"]
[EventDate "2004.05.??"]
[SourceDate "2004.05.08"]
[WhiteTeam "Schweiz"]
[BlackTeam "Bayern"]
[WhiteTeamCountry "SUI"]
[BlackTeamCountry "GER"]

1. e4 d6 2. d4 Nf6 3. Nc3 g6 4. Nf3 Bg7 5. Be2 O-O 6. O-O Bg4 7. h3 Bxf3 8.
Bxf3 Nc6 9. Ne2 e5 10. c3 Re8 11. Qd3 Qe7 12. d5 Nb8 13. c4 Nbd7 14. Be3 a5 15.
Nc3 h5 1/2-1/2

[Event "Bodensee-Cup 10th"]
[Site "Wasserburg"]
[Date "2004.05.07"]
[Round "1.2"]
[White "Hecht, Hans Joachim"]
[Black "Papa, Severin"]
[Result "0-1"]
[WhiteElo "2425"]
[BlackElo "2405"]
[PlyCount "44"]
[EventDate "2004.05.??"]
[SourceDate "2004.05.08"]
[WhiteTeam "Bayern"]
[BlackTeam "Schweiz"]
[WhiteTeamCountry "GER"]
[BlackTeamCountry "SUI"]

1. d4 d5 2. c4 c6 3. Nf3 Nf6 4. e3 a6 5. Nc3 b5 6. b3 Bg4 7. h3 Bxf3 8. gxf3
Nbd7 9. f4 e6 10. Bd3 Bb4 11. Bd2 bxc4 12. bxc4 c5 13. Ne2 dxc4 14. Bxc4 Bxd2+
15. Qxd2 Ne4 16. Qd3 Qa5+ 17. Kf1 Nd2+ 18. Kg2 Nb6 19. Bxe6 fxe6 20. dxc5 Nbc4
21. Rhc1 Rd8 22. Qc3 Qc7 0-1

[Event "Bodensee-Cup 10th"]
[Site "Wasserburg"]
[Date "2004.05.07"]
[Round "1.3"]
[White "Zueger, Beat"]
[Black "Klundt, Klaus"]
[Result "1/2-1/2"]
[WhiteElo "2395"]
[BlackElo "2349"]
[PlyCount "31"]
[EventDate "2004.05.??"]
[SourceDate "2004.05.08"]
[WhiteTeam "Schweiz"]
[BlackTeam "Bayern"]
[WhiteTeamCountry "SUI"]
[BlackTeamCountry "GER"]

1. c4 Nf6 2. g3 g6 3. Bg2 Bg7 4. Nc3 d6 5. d3 O-O 6. Rb1 a5 7. a3 e5 8. b4 axb4
9. axb4 Nc6 10. e3 Ne7 11. Qb3 c6 12. Nf3 h6 13. O-O Be6 14. b5 g5 15. Ba3 Re8
16. Rfd1 1/2-1/2

[Event "Bodensee-Cup 10th"]
[Site "Wasserburg"]
[Date "2004.05.07"]
[Round "1.4"]
[White "Riedel, Wolfgang"]
[Black "Ballmann, Martin"]
[Result "1/2-1/2"]
[WhiteElo "2298"]
[BlackElo "2421"]
[PlyCount "33"]
[EventDate "2004.05.??"]
[SourceDate "2004.05.08"]
[WhiteTeam "Bayern"]
[BlackTeam "Schweiz"]
[WhiteTeamCountry "GER"]
[BlackTeamCountry "SUI"]

1. d4 Nf6 2. c4 g6 3. Nc3 Bg7 4. e4 d6 5. f4 O-O 6. Nf3 c5 7. d5 e6 8. dxe6
Bxe6 9. Bd3 Nc6 10. f5 Bd7 11. O-O Nd4 12. Bg5 h6 13. Bf4 Bc6 14. fxg6 Nxf3+
15. Rxf3 fxg6 16. Be3 Qe7 17. Qe2 1/2-1/2

[Event "Bodensee-Cup 10th"]
[Site "Wasserburg"]
[Date "2004.05.07"]
[Round "1.5"]
[White "Landenbergue, Claude"]
[Black "Koepke, Christian"]
[Result "1-0"]
[WhiteElo "2394"]
[BlackElo "2241"]
[PlyCount "101"]
[EventDate "2004.05.??"]
[SourceDate "2004.05.08"]
[WhiteTeam "Schweiz"]
[BlackTeam "Bayern"]
[WhiteTeamCountry "SUI"]
[BlackTeamCountry "GER"]

1. e4 c5 2. Nf3 d6 3. d4 cxd4 4. Nxd4 Nf6 5. Nc3 g6 6. Bc4 Bg7 7. h3 O-O 8. Bb3
Nc6 9. Be3 Na5 10. O-O b6 11. Qd3 Bb7 12. Rad1 Rc8 13. Rfe1 Nxb3 14. axb3 Qd7
15. Bg5 Rc5 16. Nf3 Qc8 17. Be3 Rxc3 18. bxc3 Bxe4 19. Qe2 Qxc3 20. Bd4 Qxc2
21. Nd2 e5 22. Rc1 Bd3 23. Rxc2 Bxe2 24. Bxe5 dxe5 25. Rxe2 Nd5 26. Ne4 h6 27.
Red2 Nf4 28. Rd7 Ne6 29. Rxa7 Nd4 30. Rc4 Nxb3 31. Rcc7 Nd4 32. Nd6 h5 33. Rxf7
Rxf7 34. Nxf7 Bf6 35. Nd6 b5 36. Rb7 Bg7 37. Nxb5 Nxb5 38. Rxb5 Kf7 39. Rb6 Bh6
40. Kf1 Bf4 41. Ke2 Bc1 42. Kd3 Ba3 43. Rc6 Bb2 44. Ke4 Ba1 45. h4 Bb2 46. f3
Ba1 47. g4 hxg4 48. fxg4 Bd4 49. g5 Bb2 50. Rc7+ Kf8 51. h5 1-0

[Event "Bodensee-Cup 10th"]
[Site "Wasserburg"]
[Date "2004.05.07"]
[Round "1.6"]
[White "Zwanzger, Johannes"]
[Black "Hochstrasser, Michael"]
[Result "1-0"]
[WhiteElo "2343"]
[BlackElo "2389"]
[PlyCount "69"]
[EventDate "2004.05.??"]
[SourceDate "2004.05.08"]
[WhiteTeam "Bayern"]
[BlackTeam "Schweiz"]
[WhiteTeamCountry "GER"]
[BlackTeamCountry "SUI"]

1. e4 e6 2. d4 d5 3. Nd2 Nf6 4. e5 Nfd7 5. Bd3 c5 6. c3 Nc6 7. Ne2 cxd4 8. cxd4
f6 9. exf6 Nxf6 10. Nf3 Bd6 11. O-O Qc7 12. Bg5 O-O 13. Rc1 Ng4 14. h3 Rxf3 15.
hxg4 Rf7 16. Qc2 g6 17. Bh6 Qe7 18. f4 Bd7 19. a3 Qh4 20. Bg5 Qxg4 21. Rf3 e5
22. Bxg6 Rg7 23. Bxh7+ Rxh7 24. Qg6+ Rg7 25. Qxd6 exf4 26. Qxd5+ Be6 27. Qe4
Re8 28. Rc5 Rxg5 29. Rxf4 Qh5 30. Rh4 Qg6 31. Rxg5 Qxg5 32. Qh7+ Kf8 33. Rf4+
Qxf4 34. Nxf4 Nxd4 35. Ng6# 1-0

[Event "Bodensee-Cup 10th"]
[Site "Wasserburg"]
[Date "2004.05.07"]
[Round "1.7"]
[White "Huss, Andreas"]
[Black "Schunk, Eduard"]
[Result "1/2-1/2"]
[WhiteElo "2343"]
[BlackElo "2323"]
[PlyCount "124"]
[EventDate "2004.05.??"]
[SourceDate "2004.05.08"]
[WhiteTeam "Schweiz"]
[BlackTeam "Bayern"]
[WhiteTeamCountry "SUI"]
[BlackTeamCountry "GER"]

1. d4 Nf6 2. c4 g6 3. Nc3 Bg7 4. Nf3 O-O 5. e4 d6 6. Be2 e5 7. d5 a5 8. Be3 Ng4
9. Bg5 f6 10. Bd2 f5 11. Ng5 Nf6 12. exf5 gxf5 13. f4 e4 14. O-O Qe7 15. Be3 h6
16. Nh3 Na6 17. Nf2 Nc5 18. h3 Kh8 19. Kh2 Bd7 20. g3 Rae8 21. Qd2 Qf7 22. Rae1
Rg8 23. Rg1 h5 24. Rg2 Re7 25. Rh1 Qe8 26. g4 Nd3 27. g5 Nh7 28. Bxd3 exd3 29.
Nfd1 Nf8 30. h4 Ng6 31. Kg3 Ne5 32. fxe5 dxe5 33. Kh2 f4 34. Ne4 fxe3 35. Nxe3
Rf8 36. d6 cxd6 37. Nd5 Ref7 38. Ndf6 Qe6 39. Qxd3 Bc6 40. Nc5 e4 41. Nxe6 exd3
42. Nxf8 Rxf8 43. Rd1 Bxg2 44. Kxg2 Bxf6 45. gxf6 Rxf6 46. Rxd3 Rf4 47. b3 a4
48. Rxd6 axb3 49. axb3 Rxh4 50. Rd8+ Kg7 51. Rd7+ Kf6 52. Rxb7 Ke5 53. c5 Kd5
54. b4 Kc6 55. Rb6+ Kc7 56. Kf3 Rg4 57. b5 Rb4 58. Ke3 h4 59. Kd3 h3 60. Rh6
Rxb5 61. Kc4 Rb1 62. Rxh3 Rc1+ 1/2-1/2

[Event "Bodensee-Cup 10th"]
[Site "Wasserburg"]
[Date "2004.05.07"]
[Round "1.8"]
[White "Rupprecht, Andreas"]
[Black "Umbach, Andreas"]
[Result "1-0"]
[WhiteElo "2325"]
[BlackElo "2298"]
[PlyCount "77"]
[EventDate "2004.05.??"]
[SourceDate "2004.05.08"]
[WhiteTeam "Bayern"]
[BlackTeam "Schweiz"]
[WhiteTeamCountry "GER"]
[BlackTeamCountry "SUI"]

1. g3 Nf6 2. Bg2 e5 3. c4 Nc6 4. Nc3 g6 5. e4 Bg7 6. Nge2 O-O 7. O-O d6 8. f4
exf4 9. gxf4 Bg4 10. d4 Re8 11. Qd3 Qd7 12. a3 Re7 13. h3 Bxe2 14. Nxe2 Rae8
15. d5 Na5 16. Ng3 Qa4 17. e5 dxe5 18. fxe5 Nd7 19. e6 Ne5 20. Qe4 Qxc4 21. Bg5
fxe6 22. Bxe7 Rxe7 23. dxe6 c6 24. Rad1 Qxe6 25. Qa4 Nec4 26. Ne4 Bxb2 27. Kh1
Kg7 28. Qb4 Qe5 29. Qe1 Bd4 30. Qh4 Ne3 31. Rxd4 Nxg2 32. Kxg2 c5 33. Ng5 h6
34. Nf3 Qe2+ 35. Rf2 cxd4 36. Rxe2 Rxe2+ 37. Kf1 Re7 38. Qxe7+ Kg8 39. Ne5 1-0

[Event "Bodensee-Cup 10th"]
[Site "Wasserburg"]
[Date "2004.05.07"]
[Round "1.9"]
[White "Zenklusen, Rico"]
[Black "Doeres, Hans Juergen"]
[Result "1/2-1/2"]
[WhiteElo "2306"]
[BlackElo "2257"]
[PlyCount "173"]
[EventDate "2004.05.??"]
[SourceDate "2004.05.08"]
[WhiteTeam "Schweiz"]
[BlackTeam "Bayern"]
[WhiteTeamCountry "SUI"]
[BlackTeamCountry "GER"]

1. e4 c5 2. Nf3 e6 3. d4 cxd4 4. Nxd4 Nc6 5. Nc3 Qc7 6. g3 a6 7. Bg2 b5 8. O-O
Bb7 9. Re1 d6 10. a4 bxa4 11. Nxa4 Nf6 12. Be3 Be7 13. Nb6 Rd8 14. Ra3 Qxb6 15.
Nxe6 Qxb2 16. Rb3 Qxb3 17. Nxg7+ Kf8 18. cxb3 Kxg7 19. Qc1 Rhe8 20. e5 dxe5 21.
Bh6+ Kh8 22. Bxc6 Rc8 23. Bxe8 Rxc1 24. Bxc1 Kg7 25. Rxe5 Bd6 26. Re2 Ne4 27.
Bb2+ Kg6 28. Bd7 Ng5 29. Bg4 h5 30. h4 hxg4 31. hxg5 Kxg5 32. Re8 Bc6 33. Rg8+
Kf5 34. Rh8 f6 35. Kf1 Bb5+ 36. Ke1 Bb4+ 37. Kd1 Ke6 38. Rh6 Be7 39. Rg6 Kf5
40. Rg7 Bd8 41. Kd2 Bb6 42. Rf7 Bd8 43. Ke3 Ke6 44. Rg7 f5 45. Kf4 Bd3 46. Rg6+
Kd5 47. Ba3 Bc7+ 48. Ke3 Bc2 49. Rxa6 Bxb3 50. Bb2 Bc2 51. Bd4 Be4 52. Bb6 Be5
53. Ra5+ Ke6 54. Bd4 Bc7 55. Rb5 Bd6 56. Ba7 Bc6 57. Rb3 Bd5 58. Rb2 Be4 59.
Bb8 Bc5+ 60. Kf4 Bd4 61. Ra2 Bc5 62. Re2 Kd5 63. Kg5 Be7+ 64. Kh5 Bc5 65. Bf4
Ke6 66. Kg6 Bd4 67. Ra2 Bc5 68. Kg7 Bd4+ 69. Kf8 Bc5+ 70. Ke8 Bc6+ 71. Kd8 Be4
72. Ra6+ Kd5 73. Be3 Bb4 74. Kd7 Kc4 75. Ke6 Kd3 76. Ra4 Be1 77. Ke5 Bc3+ 78.
Ke6 Be1 79. Ra2 Bb4 80. Rb2 Bc3 81. Ra2 Bb4 82. Bb6 Bc3 83. Ra7 Ke2 84. Ra3 Be1
85. Re3+ Kf1 86. Ra3 Ke2 87. Ke5 1/2-1/2

[Event "Bodensee-Cup 10th"]
[Site "Wasserburg"]
[Date "2004.05.07"]
[Round "1.10"]
[White "Lang, Stefan"]
[Black "Fierz, Martin"]
[Result "0-1"]
[WhiteElo "2265"]
[BlackElo "2289"]
[PlyCount "42"]
[EventDate "2004.05.??"]
[SourceDate "2004.05.08"]
[WhiteTeam "Bayern"]
[BlackTeam "Schweiz"]
[WhiteTeamCountry "GER"]
[BlackTeamCountry "SUI"]

1. e4 c5 2. Nf3 e6 3. b4 cxb4 4. d4 d5 5. e5 b6 6. a3 Ba6 7. Bxa6 Nxa6 8. O-O
Qd7 9. axb4 Nxb4 10. Na3 Ne7 11. Qe2 Nf5 12. g4 Nh6 13. h3 Be7 14. Be3 O-O 15.
Ne1 Kh8 16. f4 Ng8 17. Nf3 f6 18. Rf2 Rac8 19. f5 exf5 20. gxf5 Qxf5 21. Nh4
Qe6 0-1

[Event "Bodensee-Cup 10th"]
[Site "Wasserburg"]
[Date "2004.05.07"]
[Round "1.11"]
[White "Carron, Julien"]
[Black "Lutz, Dieter"]
[Result "0-1"]
[WhiteElo "2273"]
[BlackElo "2153"]
[PlyCount "114"]
[EventDate "2004.05.??"]
[SourceDate "2004.05.08"]
[WhiteTeam "Schweiz"]
[BlackTeam "Bayern"]
[WhiteTeamCountry "SUI"]
[BlackTeamCountry "GER"]

1. d4 Nf6 2. c4 e6 3. g3 d5 4. Nf3 Be7 5. Bg2 O-O 6. O-O dxc4 7. Qc2 a6 8. a4
Bd7 9. Qxc4 Bc6 10. Bg5 a5 11. Nc3 Na6 12. Bxf6 Bxf6 13. e4 Nb4 14. Rfd1 b6 15.
Qe2 Bb7 16. Rac1 c6 17. h4 Ra7 18. Ne5 Ba6 19. Qe3 Qb8 20. Ng4 Be7 21. h5 h6
22. e5 Nd5 23. Qd2 Bc4 24. Be4 Bg5 25. f4 Be7 26. Bb1 Nb4 27. Ne4 Bd5 28. Rc3
Rd8 29. Nef6+ gxf6 30. exf6 Bxf6 31. Nxf6+ Kg7 32. Ng4 f5 33. Ne5 Kf6 34. Qh2
Ke7 35. Qh4+ Kd6 36. Qf6 Rf8 37. Qxh6 Rh8 38. Qg5 Qd8 39. Qxd8+ Rxd8 40. Rd2
Rh8 41. Rh2 b5 42. axb5 cxb5 43. Rc5 Nc6 44. Nxc6 Bxc6 45. Bc2 a4 46. h6 b4 47.
g4 fxg4 48. Rg5 Bd5 49. h7 a3 50. bxa3 bxa3 51. Bb1 a2 52. Bxa2 Bxa2 53. Rg8
Rhxh7 54. Rd8+ Kc6 55. Rc2+ Kb7 56. Rg2 Bd5 57. Rxg4 Ra2 0-1

[Event "Bodensee-Cup 10th"]
[Site "Wasserburg"]
[Date "2004.05.07"]
[Round "1.12"]
[White "Koch, Moritz"]
[Black "Antognini, Francesco"]
[Result "0-1"]
[WhiteElo "2244"]
[BlackElo "2193"]
[PlyCount "64"]
[EventDate "2004.05.??"]
[SourceDate "2004.05.08"]
[WhiteTeam "Bayern"]
[BlackTeam "Schweiz"]
[WhiteTeamCountry "GER"]
[BlackTeamCountry "SUI"]

1. e4 e6 2. d4 d5 3. Nd2 Nf6 4. e5 Nfd7 5. Bd3 c5 6. c3 Nc6 7. Ngf3 cxd4 8.
cxd4 f6 9. exf6 Nxf6 10. O-O Bd6 11. b3 O-O 12. Bb2 Qb6 13. Rc1 Bd7 14. Re1
Rae8 15. a3 a5 16. Nf1 Kh8 17. Bc2 Re7 18. Ng3 Bf4 19. Rb1 Be8 20. Re2 Qc7 21.
Qe1 Ng4 22. Rxe6 Rxe6 23. Qxe6 Nxf2 24. Rf1 Bd7 25. Qxd5 Ng4 26. Qc5 Bd6 27.
Qh5 Nf6 28. Qh4 Ne7 29. Bxh7 Nxh7 30. Ng5 Rxf1+ 31. Kxf1 Bb5+ 32. Kg1 Bd3 0-1

[Event "Bodensee-Cup 10th"]
[Site "Wasserburg"]
[Date "2004.05.08"]
[Round "2.1"]
[White "Gschnitzer, Oswald"]
[Black "Prusikhin, Mihailo"]
[Result "1/2-1/2"]
[WhiteElo "2428"]
[BlackElo "2518"]
[PlyCount "46"]
[EventDate "2004.05.??"]
[SourceDate "2004.05.08"]
[WhiteTeam "Baden"]
[BlackTeam "Bayern"]
[WhiteTeamCountry "GER"]
[BlackTeamCountry "GER"]

1. Nf3 Nf6 2. c4 e6 3. Nc3 d5 4. d4 Be7 5. Bg5 h6 6. Bxf6 Bxf6 7. e3 O-O 8. Rc1
c6 9. Bd3 Nd7 10. cxd5 exd5 11. b4 a6 12. O-O Nb6 13. Qb3 Bg4 14. Nd2 Qe7 15.
a4 Be6 16. Ne2 Rfc8 17. Rfe1 Qd6 18. Nf4 Be7 19. Rb1 Bg5 20. Nxe6 Qxe6 21. Nf3
Qd6 22. Ne5 Bf6 23. f4 Rc7 1/2-1/2

[Event "Bodensee-Cup 10th"]
[Site "Wasserburg"]
[Date "2004.05.08"]
[Round "2.2"]
[White "Hecht, Hans Joachim"]
[Black "Miltner, Arndt"]
[Result "1/2-1/2"]
[WhiteElo "2425"]
[BlackElo "2390"]
[PlyCount "43"]
[EventDate "2004.05.??"]
[SourceDate "2004.05.08"]
[WhiteTeam "Bayern"]
[BlackTeam "Baden"]
[WhiteTeamCountry "GER"]
[BlackTeamCountry "GER"]

1. d4 d5 2. c4 e6 3. Nf3 Nf6 4. g3 c6 5. Nbd2 Be7 6. Bg2 O-O 7. O-O Nbd7 8. Qc2
b6 9. e4 dxe4 10. Nxe4 Bb7 11. Rd1 Nxe4 12. Qxe4 Qc7 13. Bf4 Bd6 14. Ne5 Nxe5
15. Bxe5 Rab8 16. Qf4 Rfd8 17. b4 f6 18. Bxd6 Qxd6 19. Qxd6 Rxd6 20. c5 Rd7 21.
b5 Rc7 22. cxb6 1/2-1/2